Projektirovanije i nadežnosť mnogoprocessornych EVM /

Salvato in:
Dettagli Bibliografici
Autori principali: Pogrebinskij, Solomon Beniaminovič (Autore), Streľnikov, Valerij Pavlovič (Autore)
Natura: Libro
Pubblicazione: Moskva : Radio i svjaz, 1988
Tags: Aggiungi Tag
Nessun Tag, puoi essere il primo ad aggiungerne!!

MARC

LEADER 00000nam a22000003a 4500
001 stu48014
005 20150617225708.5
008 ------s1988----xxr---------------------d
040 |a STU  |b slo 
041 0
044 |a xxr 
080 |a 681.32.02  |7 stu_us_auth*stu8293 
100 1 |a Pogrebinskij, Solomon Beniaminovič  |4 aut 
245 1 |a Projektirovanije i nadežnosť mnogoprocessornych EVM /  |c [aut.] Pogrebinskij,S.B.; Streľnikov,V.P 
260 |a Moskva :  |b Radio i svjaz,  |c 1988 
300 |a 165 s 
700 1 |a Streľnikov, Valerij Pavlovič  |4 aut 
996 |b J81866  |c J*81866/K 1  |l JJK1  |s P  |a 0  |w stu48014_0001